000 00792nam a22002537a 4500
999 _c5789
_d5789
001 0
003 OSt
005 20251107111651.0
008 251107b ||||| |||| 00| 0 eng d
020 _a9781405242318
040 _cKH8
082 0 4 _a823.92 ROY
100 1 _aRoy, Katie
_eAuthor
245 1 0 _aTassie and the Black Baron
260 _a239 Kensington High Street,London W8 6SA
_bEgmont
_c2010
300 _a287 pages
_c20 cm x 12 cm
520 _aTime travellers from the future wearing Bottom Kicking Trainers most welcome.-Blurb of the book-
650 0 _aTime travel
_vJuvenile fiction.
650 0 _aDueling
_vJuvenile fiction.
650 0 _aCivilization, Medieval
_vJuvenile fiction.
655 0 _aAdventure stories.
655 0 _aChildren's stories.
942 _2ddc
_cFIC